[Event "elllobregat Open-A 2019"]
[Site "El Prat de Llobregat"]
[Date "2019.12.07"]
[Round "5.4"]
[White "Kjartansson, Gudmundur"]
[Black "Erigaisi Arjun"]
[Result "0-1"]
[WhiteElo "2448"]
[BlackElo "2544"]
[Annotator "ChessBase"]
[PlyCount "136"]
[EventDate "2019.12.03"]
[EventType "swiss"]
[EventCountry "ESP"]
[SourceTitle "playchess.com"]
[Source "ChessBase"]
[SourceQuality "1"]
[TimeControl "40/5400+30:1800+30"]

1. d4 {[%emt 0:00:00]} e6 {[%emt 0:01:30]} 2. c4 {[%emt 0:00:00]} d5 {[%emt 0:00:07]} 3. Nc3 {[%emt 0:00:51]} c6 {[%emt 0:00:07]} 4. e4 dxe4 {[%emt 0:00:06]} 5. Nxe4 {[%emt 0:01:19]} Bb4+ {[%emt 0:00:06]} 6. Bd2 {[%emt 0:00:34]} Qxd4 {[%emt 0:00:07]} 7. Bxb4 {[%emt 0:00:04]} Qxe4+ {[%emt 0:00:06]} 8. Be2 {[%emt 0:08:54]} Na6 {[%emt 0:01:02]} 9. Bd6 {[%emt 0:01:02]} e5 {[%emt 0:12:47]} 10. Nf3 {[%emt 0:15:05]} Bg4 {[%emt 0:32:51]} 11. Nxe5 {[%emt 0:14:48]} Qxe2+ {[%emt 0:08:18]} 12. Qxe2 {[%emt 0:00:04]} Bxe2 {[%emt 0:00:05]} 13. Kxe2 {[%emt 0:00:05]} Nh6 {[%emt 0:00:55]} 14. Rhd1 {[%emt 0:22:46]} O-O-O {[%emt 0:00:30]} 15. Kf1 {[%emt 0:00:30]} f6 {[%emt 0:02:23]} 16. Nf3 {[%emt 0:00:34]} Nf5 {[%emt 0:00:11]} 17. Ba3 {[%emt 0:00:54]} h5 {[%emt 0:00:07]} 18. b3 {[%emt 0:03:47]} b6 {[%emt 0:02:16]} 19. Ne1 {[%emt 0:10:16]} Nc7 {[%emt 0:03:48]} 20. Rd3 {[%emt 0:03:55]} Ne6 {[%emt 0:01:04]} 21. Rad1 {[%emt 0:00:16]} Rxd3 {[%emt 0:00:10]} 22. Rxd3 {[%emt 0:00:08]} Re8 {[%emt 0:05:17]} 23. Nc2 Ng5 {[%emt 0:05:37]} 24. Bc1 {[%emt 0:03:06]} Ne4 {[%emt 0:00:09]} 25. Ne3 {[%emt 0:00:40]} Nh6 {[%emt 0:01:02]} 26. b4 {[%emt 0:03:51]} Nf7 {[%emt 0:01:15]} 27. f3 {[%emt 0:00:29]} Ned6 {[%emt 0:00:19]} 28. Kf2 {[%emt 0:06:30]} Kc7 {[%emt 0:00:58]} 29. Bb2 {[%emt 0:00:48]} Nh6 {[%emt 0:03:58]} 30. a4 Nb7 {[%emt 0:01:13]} 31. b5 {[%emt 0:03:32]} Nc5 {[%emt 0:03:06]} 32. Ra3 Rd8 33. Ke2 {[%emt 0:00:07]} Nf7 {[%emt 0:00:35]} 34. a5 {[%emt 0:00:43]} cxb5 {[%emt 0:00:57]} 35. cxb5 {[%emt 0:00:10]} Nd6 {[%emt 0:00:27]} 36. axb6+ {[%emt 0:00:49]} axb6 37. Ra7+ {[%emt 0:00:20]} Ncb7 {[%emt 0:01:41]} 38. Nd5+ {[%emt 0:00:52]} Kb8 {[%emt 0:00:02]} 39. Ra4 {[%emt 0:00:59]} Rc8 {[%emt 0:02:31]} 40. Rb4 {[%emt 0:00:00]} Rc2+ {[%emt 0:00:00]} 41. Kf1 {[%emt 0:04:22]} Nc5 {[%emt 0:01:54]} 42. Ne3 {[%emt 0:17:34]} Rd2 {[%emt 0:00:09]} 43. Rd4 {[%emt 0:04:10]} Rxb2 {[%emt 0:01:21]} 44. Rxd6 Rxb5 {[%emt 0:00:33]} 45. Rd8+ {[%emt 0:00:53]} Kc7 {[%emt 0:00:31]} 46. Rd5 {[%emt 0:02:48]} Rb1+ {[%emt 0:02:16]} 47. Ke2 {[%emt 0:00:37]} Ne6 {[%emt 0:00:59]} 48. Kd2 {[%emt 0:00:49]} Rb2+ {[%emt 0:01:01]} 49. Kd1 {[%emt 0:03:46]} Nf4 {[%emt 0:01:04]} 50. Rf5 {[%emt 0:00:32]} Nxg2 {[%emt 0:00:27]} 51. Nxg2 {[%emt 0:00:26]} Rxg2 {[%emt 0:00:06]} 52. Rxh5 Rg5 {[%emt 0:00:48]} 53. Rh8 {[%emt 0:00:21]} Kd6 {[%emt 0:00:39]} 54. h4 {[%emt 0:00:07]} Rd5+ {[%emt 0:01:15]} 55. Ke2 {[%emt 0:00:06]} b5 {[%emt 0:02:03]} 56. Rh7 {[%emt 0:00:19]} g5 {[%emt 0:02:35]} 57. h5 {[%emt 0:00:43]} Re5+ {[%emt 0:00:14]} 58. Kd3 {[%emt 0:00:15]} Re7 {[%emt 0:00:06]} 59. Rh8 {[%emt 0:00:26]} Ke5 {[%emt 0:00:08]} 60. Ke3 {[%emt 0:02:01]} Kf5+ {[%emt 0:00:28]} 61. Kf2 {[%emt 0:00:07]} Rb7 {[%emt 0:00:05]} 62. Rg8 {[%emt 0:00:43]} b4 {[%emt 0:00:33]} 63. Re8 {[%emt 0:01:06]} b3 {[%emt 0:00:40]} 64. Re1 {[%emt 0:00:05]} b2 {[%emt 0:00:32]} 65. Rb1 {[%emt 0:00:03]} Rb3 {[%emt 0:00:07]} 66. Kg2 {[%emt 0:00:42]} Ke6 {[%emt 0:00:16]} 67. Kg3 {[%emt 0:01:07]} f5 {[%emt 0:00:09]} 68. Kg2 {[%emt 0:00:32]} Kf6 {[%emt 0:00:07]} 0-1

[Event "elllobregat Open-A 2019"]
[Site "El Prat de Llobregat"]
[Date "2019.12.07"]
[Round "5.5"]
[White "Lagarde, Maxime"]
[Black "Alsina Leal, Daniel"]
[Result "1/2-1/2"]
[WhiteElo "2655"]
[BlackElo "2462"]
[Annotator "TA"]
[PlyCount "81"]
[EventDate "2019.12.03"]
[EventType "swiss"]
[EventCountry "ESP"]
[SourceTitle "playchess.com"]
[Source "ChessBase"]
[SourceQuality "1"]

{[%evp 22,81,0,0,0,0,0,0,0,-21,0,-17,32,-53,-37,-48,0,0,0,0,16,0,18,22,16,20,15,8,9,0,20,8,17,0,0,0,0,0,0,-33,-31,-75,-75,-82,-2,-5,-5,0,0,0,0,0,0,0,0,0,0,0,0,0,0,0]} 1. e4 c5 2. Nf3 Nc6 3. Bb5 g6 4. O-O Bg7 5. Re1 Nf6 6. e5 Nd5 7. Nc3 Nc7 8. Bxc6 dxc6 9. Ne4 b6 10. Nf6+ Kf8 11. Ne4 Bg4 12. d3 Ne6 {B31: Sicilian: 2...Nc6 3 Bb5 g6} 13. h3 (13. Neg5 Nxg5 14. Bxg5 Qd5 15. Re4 Bxf3 16. Qxf3 Bxe5 17. Qe3 f6 18. Re1 Re8 19. Bh6+ Kg8 20. c3 {1-0 (31) Grandelius,N (2688)-Nihal,S (2598) Malmo 2019}) 13... Bxf3 $1 14. Qxf3 Qd5 15. a4 a5 $146 ({Predecessor:} 15... Qxe5 16. a5 b5 17. Be3 Rc8 18. c3 Qd5 19. a6 h6 {½-½ (48) Valsecchi,A (2407)-Dragicevic,D (2293) Skopje 2014}) 16. Bd2 Kg8 (16... Nd4 $5 17. Qd1 $8 Bxe5 $11) 17. h4 ({White should play} 17. c4 $1 $14 Qd7 18. Ng5 Nxg5 19. Bxg5) 17... Nd4 $15 ({Worse is} 17... Qxe5 18. Ng5 $16) 18. Qd1 h5 19. Bg5 Ra7 20. Nd2 Kh7 21. Nc4 Rb7 22. Re4 Bh6 23. Bxh6 Kxh6 24. Qd2+ Kg7 25. Rae1 Qe6 26. Ne3 Rd8 27. c3 (27. f3 {is more complex.} Rbb8 28. Qf2 Rh8 29. f4 Rhg8 30. b3) 27... Nf5 $1 28. Nxf5+ Qxf5 29. e6 {Strongly threatening Rf4.} f6 30. R1e3 b5 31. Qe2 {[#]} c4 $1 {[%mdl 512]} 32. axb5 (32. dxc4 bxa4) 32... cxd3 ({Black should try} 32... Qxb5 $17 {[%cal Rc4d3]} 33. Rxc4 Qxb2) 33. Rxd3 $11 {The position is equal.} Rxd3 34. Qxd3 Rxb5 35. Qd7 Qxe4 36. Qxe7+ Kh6 37. Qf8+ Kh7 38. Qf7+ Kh6 39. Qf8+ Kh7 40. Qf7+ Kh6 41. Qf8+ {Accuracy: White = 39%, Black = 54%.} 1/2-1/2

[Event "elllobregat Open-A 2019"]
[Site "El Prat de Llobregat"]
[Date "2019.12.07"]
[Round "5.6"]
[White "Kobo, Ori"]
[Black "Bartel, Mateusz"]
[Result "1/2-1/2"]
[WhiteElo "2457"]
[BlackElo "2634"]
[Annotator "TA"]
[PlyCount "71"]
[EventDate "2019.12.03"]
[EventType "swiss"]
[EventCountry "ESP"]
[SourceTitle "playchess.com"]
[Source "ChessBase"]
[SourceQuality "1"]

{[%evp 9,71,14,33,35,72,66,83,68,84,73,104,72,104,118,130,107,110,99,122,78,88,35,95,45,56,70,69,0,40,46,43,35,127,0,0,4,16,0,0,0,0,0,0,0,0,0,0,0,0,0,0,0,5,0,0,0,0,0,11,10,11,12,19,18]} 1. d4 f5 2. Bf4 Nf6 3. e3 d6 (3... e6 4. Be2 Nc6 5. Nf3 Ne7 6. O-O Ng6 7. c4 b6 8. Nc3 Bb4 9. Rc1 Bb7 10. Nb5 Nxf4 11. exf4 a6 {½-½ (53) Ni,H (2668)-Maghsoodloo,P (2656) Abu Dhabi 2019}) 4. Nc3 e6 5. h3 g6 6. g4 {A80: Dutch Defence: Unusual White second moves} Bg7 7. gxf5 $146 ({Predecessor:} 7. Qf3 Nc6 8. O-O-O Bd7 9. gxf5 exf5 10. Bg2 Qe7 11. Nb5 {½-½ (91) Fontaine,R (2554)-Netzer,J (2401) Switzerland 2019}) 7... exf5 8. h4 {White is better.} Be6 9. h5 Nbd7 10. Bg2 Nxh5 11. Rxh5 gxh5 12. Qxh5+ Bf7 13. Qxf5 O-O 14. Nf3 ({But not} 14. Bxb7 $6 Rb8 $14) 14... Bg6 15. Qh3 ({Better is} 15. Qd5+ $16 Kh8 16. O-O-O) 15... Nb6 (15... Bxc2 $14 16. Nh4 Nf6) 16. O-O-O Rxf4 $1 17. exf4 Qf6 18. Qh4 ({White should play} 18. Kb1 $14) 18... Qf5 {[%csl Gg6][%cal Rf5c2]} 19. Ne1 $1 Re8 {...Rxe1! is the strong threat.} 20. Bh3 $1 {[%cal Rh3f5]} Qh5 {[#]} (20... Qf7 $14) 21. Ng2 ({White has to play} 21. Qg3 $1 $16) 21... Qxh4 $1 $11 {The position is equal.} 22. Nxh4 Bh6 $1 23. Nxg6 (23. Kb1 {with more complications.} Bxf4 24. Rg1 Bh2 25. Rh1 Bf4 26. a4) 23... hxg6 24. b3 Bxf4+ 25. Kb2 d5 26. Bf1 Bh6 27. Bd3 Re6 28. Ne2 Kf7 29. Rh1 Bg7 30. c3 Rf6 31. f4 Nc8 32. Rf1 Nd6 33. Ng3 Re6 {[#] Threatens to win with ...Re3.} 34. f5 gxf5 $1 35. Nxf5 Kg8 36. Nxd6 {Accuracy: White = 59%, Black = 54%.} 1/2-1/2

[Event "elllobregat Open-A 2019"]
[Site "El Prat de Llobregat"]
[Date "2019.12.07"]
[Round "5.7"]
[White "Karthikeyan, Murali"]
[Black "Raja Harshit"]
[Result "0-1"]
[WhiteElo "2611"]
[BlackElo "2447"]
[Annotator "TA"]
[PlyCount "186"]
[EventDate "2019.12.03"]
[EventType "swiss"]
[EventCountry "ESP"]
[SourceTitle "playchess.com"]
[Source "ChessBase"]
[SourceQuality "1"]

{[%evp 14,198,0,0,22,0,0,-75,-67,-60,-78,-78,-57,-41,8,3,5,0,0,0,0,0,1,0,8,0,0,0,0,0,0,0,11,18,13,0,8,5,28,-26,0,-28,-2,-43,-34,-25,-33,-59,-63,-79,-77,-75,-63,-157,-152,-167,-126,-126,-131,-197,-141,-425,-441,-892,-892,-885,-885,-884,-822,-897,-939,-939,-939,-939,-939,-939,-939,-939,-939,-939,-939,-939,-927,-919,-919,-912,-686,-549,-517,-29958,-29960,-29959,-29961,-29964,-29964,-29965,-29962,-29962,-29962,-29960,-29959,-29965,-29967,-29967,-29968,-29970,-29969,-29969,-29965,-29967,-29969,-29968,-29969,-29969,-29966,-29973,-29967,-29967,0,-29962,-29962,-29962,-29963,-29963,-29962,-29962,-29963,-29965,-29958,-29958,-29956,-29956,-29955,-29955,-29957,-29956,-29958,-29958,-29960,-29958,-29961,-29961,-29961,-29958,-29960,-29959,-29961,-29964,-29965,-29967,-29968,-29969,-29970,-29973,-29974,-29975,-29976,-29977,-29978,-29979,-29980,-29980,-29981,-29981,-29982,-29983,-29981,-29982,-29981,-29981,-29982,-29982,-29980,-29980,-29979,-29979,-29978,-29983,-29984,-29984,-29981,-29985,-29986,-29986,-29986,-29990,-29991]} 1. e4 c5 2. Nf3 d6 3. d4 cxd4 4. Nxd4 Nf6 5. Nc3 a6 6. Bd3 e5 7. Nde2 Be7 8. O-O Be6 {B90: Sicilian Najdorf: Unusual White 6th moves, 6 Be3 Ng4 and 6 Be3 e5} (8... O-O 9. Ng3 Be6 10. Nd5 Nbd7 11. c4 g6 12. Nxe7+ Qxe7 13. b3 Rfc8 14. Bg5 Qf8 15. Qd2 Ne8 16. Rad1 f6 {1-0 (61) Karjakin,S (2750)-Vachier Lagrave,M (2778) Saint Louis 2019}) 9. Ng3 Nc6 10. Nf5 $146 (10. Be3 $11 {remains equal.}) ({Predecessor:} 10. a3 h6 11. Kh1 O-O 12. f4 exf4 13. Bxf4 Ne5 14. Be3 d5 15. exd5 Nxd5 16. Nxd5 Bxd5 {0-1 (45) Trujillo,F (1900)-Rivera,I (2169) Puerto Boyaca 2012}) 10... Bxf5 $1 $17 {Black is better.} 11. exf5 d5 12. Bg5 O-O 13. Be2 Nd4 14. Bf3 Nxf3+ 15. Qxf3 d4 16. Bxf6 Bxf6 17. Ne4 Rc8 18. c3 Qb6 19. Rad1 Rfd8 20. b3 dxc3 21. Nxc3 Qa5 22. Rxd8+ Rxd8 23. g3 Rc8 24. Ne4 Qxa2 25. Rd1 Qa5 26. Qg4 (26. Nxf6+ $142 gxf6 27. Qxb7) 26... Kh8 27. h4 Qc7 28. Rd3 Rd8 $36 {[%mdl 2048] Black has good play.} 29. Rc3 Qd7 30. Qf3 Be7 31. Kg2 f6 32. g4 b5 33. Ng3 {[#]} (33. Rc2 $15) 33... a5 $1 34. Rc6 a4 35. bxa4 bxa4 36. Rb6 (36. Ra6 $17 {is a better defense.}) 36... a3 (36... Qc8 $19 37. Rb7 Qa8) 37. Rb7 $2 {[%mdl 8192]} (37. Ra6 $17) 37... Qa4 $19 38. Rxe7 (38. Qe4 $142 Qa6 39. Rb1) 38... a2 39. g5 a1=Q 40. gxf6 Q4d1 41. Qh5 {[#]} Qxh5 $1 42. fxg7+ Kg8 {( -> ...Qa8+)} 43. Nxh5 Qa8+ 44. Kh2 Qc6 {Hoping for ...Qh6.} 45. f6 {[#]} Qf3 $1 46. f7+ {[#]} Qxf7 $1 47. Rxf7 Kxf7 {[%mdl 4096] Endgame KR-KN} 48. Kg3 Kg6 49. Kg4 Ra8 50. f3 Rb8 51. f4 (51. Ng3 $19 Rb4+ 52. Ne4 h5+ 53. Kh3 Kxg7 54. Kg2) 51... exf4 52. Nxf4+ Kxg7 53. Kg5 Rb5+ 54. Kg4 Rb1 55. Nh5+ Kg6 56. Nf4+ Kf6 57. Nh5+ Ke5 58. Kg5 Rb6 {[%csl Gh7][%cal Rb6g6]} 59. Nf4 Rd6 60. Kh5 Rd4 61. Nh3 {[#]} h6 $1 62. Ng1 (62. Kxh6 Rxh4+) 62... Rd6 63. Ne2 Rf6 64. Ng1 Rf1 65. Ne2 Rf6 66. Ng1 $1 Ke6 {Black mates.} 67. Ne2 Kf7 68. Nd4 Kg7 69. Kg4 Ra6 70. Nf5+ Kg6 71. h5+ Kf7 72. Kf4 Re6 73. Kf3 Kg8 74. Kf4 Kh7 75. Kf3 Re1 76. Ng3 Re5 77. Kf4 Rg5 78. Ne4 Ra5 79. Ng3 Ra4+ 80. Ne4 Kg7 81. Kf3 Kf7 82. Ke3 Rb4 83. Ng3 Kf6 84. Kf3 Kg5 85. Ne4+ Kxh5 86. Nf2 Kh4 87. Kg2 Rb3 88. Ne4 h5 89. Nf2 Rb8 90. Kh2 Rg8 91. Ne4 Rg6 92. Nf2 Rc6 93. Kg2 Kg5 {Played: Rc6-c2} 0-1

[Event "elllobregat Open-A 2019"]
[Site "El Prat de Llobregat"]
[Date "2019.12.07"]
[Round "5.8"]
[White "Bryakin, Mikhail"]
[Black "Harsha Bharathakoti"]
[Result "1/2-1/2"]
[WhiteElo "2428"]
[BlackElo "2523"]
[Annotator "TA"]
[PlyCount "139"]
[EventDate "2019.12.03"]
[EventType "swiss"]
[EventCountry "ESP"]
[SourceTitle "playchess.com"]
[Source "ChessBase"]
[SourceQuality "1"]

{[%evp 11,139,32,27,27,38,43,48,2,0,1,16,0,0,0,0,0,0,0,0,0,0,0,2,-25,-18,-20,-22,-19,-27,-37,-24,-81,-91,-192,-212,-200,-185,-203,-210,-203,-218,-198,-179,-177,-181,-217,-199,-266,-271,-266,-266,-264,-250,-226,-139,-139,-122,-114,-90,-91,-91,-91,-77,-95,-95,-102,-100,-95,-95,-93,-95,-133,-133,-223,-223,-231,-231,-231,-231,-223,-154,-199,-167,-348,-347,-340,-338,-333,-331,-324,-308,-388,-231,-231,-229,-220,-189,-221,-217,-223,-156,-147,-147,-139,0,-167,-163,-192,-161,-157,-158,-154,-110,-110,-110,-110,-110,-110,-110,-110,-110,-110,-33,-33,-33,-33,-33,-33,0,0]} 1. d4 d5 2. Nf3 Nf6 3. c4 e6 4. g3 dxc4 5. Bg2 c6 6. Ne5 Bb4+ 7. Bd2 {E04: Open Catalan: 5 Nf3} Be7 8. e3 (8. Bf4 Bb4+ 9. Kf1 O-O 10. Nxc4 Nd5 11. a3 Be7 12. Nc3 Nd7 {½-½ (34) Grischuk,A (2759)-Bok,B (2640) Khanty-Mansiysk 2019}) 8... b5 9. b3 {White is slightly better.} cxb3 10. axb3 Bb7 11. O-O $146 ({Predecessor:} 11. Ba5 Qc8 12. O-O c5 13. Bxb7 Qxb7 14. dxc5 Nc6 15. Nxc6 Qxc6 {1-0 (43) Gelfand,B (2655)-Bartel,M (2600) Skopje 2019}) 11... a5 12. Nc3 Qb6 13. Ne4 O-O 14. Qc2 Nxe4 15. Bxe4 f5 16. Bg2 (16. Bf3 {feels hotter.} Qc7 17. Rfc1 Bd6 18. Nd3 Nd7 19. Ra2) 16... Bd6 17. f4 Bxe5 18. fxe5 Nd7 19. Rfc1 b4 20. Qc4 Rfe8 21. g4 ({Of course not} 21. Bxc6 Rac8 $17) (21. Rc2 $11 {remains equal.}) 21... fxg4 $17 22. Be4 (22. Qc2 $17 {keeps fighting.}) 22... c5 $19 {[%mdl 64] Deflection} 23. dxc5 {[#]} Nxc5 $1 {[%mdl 512]} 24. Qxc5 Qxc5 25. Rxc5 Bxe4 26. Rcxa5 Rad8 27. Bxb4 Rd3 28. R5a3 Rb8 ({But not} 28... Rxe3 29. Bc5 $17) 29. Bc5 (29. Be7 {was worth a try.}) 29... Rd2 ({Don't do} 29... Rdxb3 30. Rxb3 Rxb3 31. Kf2 $17) 30. R3a2 Rxa2 31. Rxa2 Rxb3 {[%mdl 4096] Endgame KRB-KRB} 32. Kf2 Rb1 33. Kg3 h6 {aiming for ...Rg1+.} 34. Kxg4 Rg1+ 35. Kf4 {[#]} Bh1 $1 {[%csl Gg1,Gh6][%cal Rg7g5]} 36. e4 Re1 37. Kg3 Bxe4 38. Bf2 Rb1 39. h4 Rb3+ 40. Kh2 Kh7 41. Re2 Bd5 42. Bc5 (42. Rc2 $17) 42... Kg6 43. Re3 Rb2+ 44. Kh3 Kh5 45. Be7 Rf2 46. Rg3 Rf1 {[%cal Rf1h1]} 47. Re3 $2 (47. Rc3) 47... Rg1 {White must now prevent ...g5.} 48. Re2 g5 49. hxg5 hxg5 {And now ...g4+ would win.} 50. Kh2 Rf1 51. Re3 Rf2+ (51... Kg4 $142 {[%csl Gd5][%cal Rf1h1]} 52. Rg3+ Kf4) 52. Kg1 Rg2+ 53. Kf1 Kg4 54. Re2 Rg3 {Hoping for ...Bc4.} 55. Rf2 Re3 {Strongly threatening ...Bc4+.} 56. Rf8 Kg3 57. Bb4 Kg4 (57... Bg2+ $17 58. Kg1 Bd5) 58. Bd6 $2 (58. Be7 $1 $11 {and White has nothing to worry.}) 58... Bc4+ 59. Kg2 Re2+ 60. Rf2 Re1 {( -> ...Bd5+)} 61. Rf8 Bd5+ 62. Kf2 Rc1 63. Be7 Rc2+ 64. Ke3 Rc3+ 65. Kd4 Rc4+ 66. Kd3 Re4 ({Black should try} 66... Rf4 $17 67. Rg8 Rf5) 67. Bf6 $1 $15 Rf4 {Threatens to win with ...Kf3.} 68. Rg8 Rf5 69. Ke3 $1 Rf3+ 70. Kd4 {Accuracy: White = 55%, Black = 71%.} 1/2-1/2

[Event "elllobregat Open-A 2019"]
[Site "El Prat de Llobregat"]
[Date "2019.12.07"]
[Round "5.9"]
[White "Low, Zhen Yu Cyrus"]
[Black "Arizmendi Martinez, Julen Luis"]
[Result "1/2-1/2"]
[WhiteElo "2420"]
[BlackElo "2511"]
[Annotator "ChessBase"]
[PlyCount "73"]
[EventDate "2019.12.03"]
[EventType "swiss"]
[EventCountry "ESP"]
[SourceTitle "playchess.com"]
[Source "ChessBase"]
[SourceQuality "1"]
[TimeControl "40/5400+30:1800+30"]

1. e4 {[%emt 0:00:00]} c5 {[%emt 0:05:53]} 2. Nf3 {[%emt 0:00:00]} Nc6 {[%emt 0:00:21]} 3. d4 {[%emt 0:00:00]} cxd4 {[%emt 0:00:08]} 4. Nxd4 {[%emt 0:00:01]} Nf6 {[%emt 0:00:17]} 5. Nc3 {[%emt 0:00:09]} e6 {[%emt 0:00:16]} 6. Nxc6 {[%emt 0:04:14]} bxc6 {[%emt 0:00:34]} 7. e5 {[%emt 0:00:07]} Nd5 {[%emt 0:00:05]} 8. Ne4 {[%emt 0:00:06]} Qc7 {[%emt 0:00:20]} 9. f4 {[%emt 0:00:09]} Qb6 {[%emt 0:00:32]} 10. c4 {[%emt 0:00:08]} Bb4+ {[%emt 0:00:42]} 11. Ke2 {[%emt 0:00:08]} f5 {[%emt 0:00:18]} 12. exf6 {[%emt 0:00:06]} Nxf6 {[%emt 0:00:12]} 13. Be3 {[%emt 0:00:05]} Qd8 {[%emt 0:00:12]} 14. Nd6+ {[%emt 0:00:07]} Bxd6 {[%emt 0:00:08]} 15. Qxd6 {[%emt 0:00:05]} Bb7 {[%emt 0:00:16]} 16. Rd1 {[%emt 0:02:08]} Rc8 {[%emt 0:03:13]} 17. Rg1 {[%emt 0:00:21]} c5 {[%emt 0:01:31]} 18. g4 {[%emt 0:02:02]} h6 {[%emt 0:01:11]} 19. Bg2 {[%emt 0:12:01]} Bxg2 {[%emt 0:03:46]} 20. Rxg2 {[%emt 0:00:06]} Qb6 {[%emt 0:07:04]} 21. Qxb6 {[%emt 0:12:47]} axb6 {[%emt 0:00:22]} 22. Rd6 {[%emt 0:00:12]} Rb8 {[%emt 0:04:23]} 23. Kf3 {[%emt 0:00:13]} Rb7 {[%emt 0:43:46]} 24. b4 {[%emt 0:21:37]} cxb4 {[%emt 0:16:08]} 25. Rxb6 {[%emt 0:02:17]} Rxb6 {[%emt 0:00:33]} 26. Bxb6 {[%emt 0:00:11]} d5 {[%emt 0:07:07]} 27. Rb2 {[%emt 0:06:18]} dxc4 {[%emt 0:02:08]} 28. Rxb4 {[%emt 0:00:04]} Nd5 {[%emt 0:00:36]} 29. Rxc4 {[%emt 0:01:06]} Nxb6 {[%emt 0:01:24]} 30. Rc6 {[%emt 0:00:06]} Ke7 {[%emt 0:00:21]} 31. Rxb6 {[%emt 0:00:09]} Ra8 {[%emt 0:00:02]} 32. Rb2 {[%emt 0:11:33]} Ra3+ {[%emt 0:00:01]} 33. Ke2 {[%emt 0:02:40]} Ra4 {[%emt 0:00:40]} 34. Ke3 {[%emt 0:01:30]} Ra3+ {[%emt 0:00:03]} 35. Kf2 {[%emt 0:01:45]} Ra4 {[%emt 0:00:04]} 36. Ke3 {[%emt 0:01:36]} Ra3+ {[%emt 0:00:04]} 37. Ke4 1/2-1/2

[Event "elllobregat Open-A 2019"]
[Site "El Prat de Llobregat"]
[Date "2019.12.07"]
[Round "5.10"]
[White "Del Rio De Angelis, Salvador G."]
[Black "Dhulipalla Bala Chandra Prasad"]
[Result "1/2-1/2"]
[WhiteElo "2507"]
[BlackElo "2414"]
[Annotator "ChessBase"]
[PlyCount "39"]
[EventDate "2019.12.03"]
[EventType "swiss"]
[EventCountry "ESP"]
[SourceTitle "playchess.com"]
[Source "ChessBase"]
[SourceQuality "1"]
[TimeControl "40/5400+30:1800+30"]

1. d4 {[%emt 0:00:00]} d5 {[%emt 0:00:00]} 2. c4 {[%emt 0:00:17]} e6 {[%emt 0:00:03]} 3. Nc3 {[%emt 0:00:21]} a6 {[%emt 0:00:23]} 4. cxd5 {[%emt 0:01:01]} exd5 {[%emt 0:00:10]} 5. Nf3 {[%emt 0:00:35]} c6 {[%emt 0:00:33]} 6. Bf4 {[%emt 0:00:29]} Nf6 {[%emt 0:00:20]} 7. e3 {[%emt 0:00:33]} Nh5 {[%emt 0:00:47]} 8. Bg5 {[%emt 0:03:06]} Be7 {[%emt 0:00:07]} 9. Bxe7 {[%emt 0:00:07]} Qxe7 {[%emt 0:00:03]} 10. Qc2 {[%emt 0:04:06]} O-O {[%emt 0:06:04]} 11. Bd3 {[%emt 0:04:10]} g6 {[%emt 0:30:47]} 12. O-O {[%emt 0:03:37]} Bg4 {[%emt 0:03:56]} 13. Nd2 {[%emt 0:09:58]} Nd7 {[%emt 0:02:55]} 14. Rfe1 {[%emt 0:02:46]} Rfe8 {[%emt 0:03:28]} 15. Nf1 {[%emt 0:07:43]} Ndf6 {[%emt 0:07:47]} 16. Na4 {[%emt 0:04:54]} Ng7 {[%emt 0:04:04]} 17. Qc5 {[%emt 0:05:30]} Qc7 {[%emt 0:07:44]} 18. Qb6 {[%emt 0:00:20]} Qe7 {[%emt 0:02:33]} 19. Qc5 {[%emt 0:01:32]} Qc7 {[%emt 0:00:19]} 20. Qb6 {[%emt 0:00:06]} 1/2-1/2

[Event "elllobregat Open-A 2019"]
[Site "El Prat de Llobregat"]
[Date "2019.12.07"]
[Round "5.11"]
[White "Erenberg, Ariel"]
[Black "Perez Mitjans, Orelvis"]
[Result "1/2-1/2"]
[WhiteElo "2479"]
[BlackElo "2412"]
[Annotator "ChessBase"]
[PlyCount "64"]
[EventDate "2019.12.03"]
[EventType "swiss"]
[EventCountry "ESP"]
[SourceTitle "playchess.com"]
[Source "ChessBase"]
[SourceQuality "1"]
[TimeControl "40/5400+30:1800+30"]

1. d4 {[%emt 0:00:00]} Nf6 {[%emt 0:04:09]} 2. c4 g6 {[%emt 0:00:07]} 3. g3 {[%emt 0:00:00]} Bg7 {[%emt 0:00:08]} 4. Bg2 {[%emt 0:00:00]} O-O {[%emt 0:00:06]} 5. Nc3 {[%emt 0:00:00]} d6 {[%emt 0:00:07]} 6. Nf3 {[%emt 0:00:02]} Nc6 {[%emt 0:00:08]} 7. O-O {[%emt 0:00:10]} Bg4 {[%emt 0:00:07]} 8. d5 {[%emt 0:02:30]} Na5 {[%emt 0:00:09]} 9. b3 {[%emt 0:04:07]} c5 {[%emt 0:00:42]} 10. Bb2 {[%emt 0:04:57]} a6 {[%emt 0:00:14]} 11. Nd2 {[%emt 0:20:30]} Rb8 {[%emt 0:02:24]} 12. Qc2 {[%emt 0:07:06]} b5 {[%emt 0:03:14]} 13. Rae1 {[%emt 0:11:02]} bxc4 {[%emt 0:17:48]} 14. bxc4 {[%emt 0:00:23]} e5 {[%emt 0:00:29]} 15. Nd1 {[%emt 0:02:27]} Bd7 {[%emt 0:15:49]} 16. Bc3 {[%emt 0:03:45]} Nb7 {[%emt 0:10:08]} 17. e4 {[%emt 0:01:06]} Nh5 {[%emt 0:01:26]} 18. Nb2 {[%emt 0:14:20]} f5 {[%emt 0:02:10]} 19. Nd3 {[%emt 0:01:03]} f4 {[%emt 0:00:26]} 20. Rb1 {[%emt 0:00:17]} Bc8 {[%emt 0:13:15]} 21. Rb2 {[%emt 0:02:50]} Ra8 {[%emt 0:00:43]} 22. Rfb1 {[%emt 0:01:44]} Qe7 {[%emt 0:03:57]} 23. Qa4 {[%emt 0:02:51]} Nd8 {[%emt 0:01:10]} 24. Rb8 {[%emt 0:03:54]} Rxb8 {[%emt 0:03:37]} 25. Rxb8 {[%emt 0:00:01]} Qc7 {[%emt 0:00:04]} 26. Rb1 {[%emt 0:00:45]} Bh6 {[%emt 0:00:50]} 27. Qa5 {[%emt 0:01:21]} Qd7 {[%emt 0:05:35]} 28. Rb8 {[%emt 0:08:09]} Nf7 {[%emt 0:00:07]} 29. Qb6 {[%emt 0:04:51]} Qa4 {[%emt 0:10:11]} 30. Qb3 {[%emt 0:00:56]} Qd7 {[%emt 0:00:07]} 31. Qb6 {[%emt 0:01:49]} Qa4 {[%emt 0:00:20]} 32. Qb3 {[%emt 0:01:28]} Qd7 {[%emt 0:00:05]} 1/2-1/2